Eleventh five year plan (2007-2012) social sector (Record no. 987142)

MARC details
000 -LEADER
fixed length control field 00885nam a2200253Ia 4500
003 - CONTROL NUMBER IDENTIFIER
control field OSt
005 - DATE AND TIME OF LATEST TRANSACTION
control field 20221005081100.0
008 - FIXED-LENGTH DATA ELEMENTS--GENERAL INFORMATION
fixed length control field 221004b |||||||| |||| 00| 0 eng d
020 ## - INTERNATIONAL STANDARD BOOK NUMBER
International Standard Book Number 9780195696509 (pbk)
037 ## - SOURCE OF ACQUISITION
Terms of availability Textual
040 ## - CATALOGING SOURCE
Original cataloging agency CRL
Transcribing agency CRL
Language of cataloging eng
041 ## - LANGUAGE CODE
Source of code eng
Language code of text/sound track or separate title eng
110 ## - MAIN ENTRY--CORPORATE NAME
Corporate name or jurisdiction name as entry element Planning commission government of India
9 (RLIN) 610810
245 #0 - TITLE STATEMENT
Title Eleventh five year plan (2007-2012) social sector
260 ## - PUBLICATION, DISTRIBUTION, ETC.
Place of publication, distribution, etc. New Delhi
Name of publisher, distributor, etc. Planning Commission Government of India India
Date of publication, distribution, etc. 2008
650 ## - SUBJECT ADDED ENTRY--TOPICAL TERM
Topical term or geographic name entry element ECONOMICS
700 ## - ADDED ENTRY--PERSONAL NAME
Personal name Planning commission government of India
9 (RLIN) 418270
942 ## - ADDED ENTRY ELEMENTS (KOHA)
Classification part X:75.2'P07t5, P8.1-.3 (RR)
Koha item type Textual
Source of classification or shelving scheme
Holdings
Withdrawn status Lost status Damaged status Not for loan Home library Current library Date acquired Source of acquisition Cost, normal purchase price Total Checkouts Full call number Barcode Date last seen Cost, replacement price Price effective from Koha item type
        Central Library Central Library 2022-10-05 139, 28/08/2008, Bhartiya Sahitya Bhawan 995.00   X:75.2'P07t5 P8.1-.3 (RR) CL1385449 2022-10-05 995.00 2022-10-05 Textual
Copyright @ Delhi University Library System